Les 5 saveurs primaires - Statistiques

Statistiques générales
  • Ce quiz a été pris 3 326 fois
  • Le résultat moyen est 4 sur 5
Statistiques - réponses
Saveurs % Correct
Sucré
99%
Salé
98%
Amer
92%
Acide
89%
Umami
44%
Aucun quiz correspondant
Distribution des résultats
% des personnes avec chaque résultat
Percentile par nombre de réponses
Votre historique - résultats
Vous n’avez pas pris ce quiz